Quién mordió la manzana?: sexo, origen social y desempeño en la Universidad

Đã lưu trong:
Chi tiết về thư mục
Tác giả chính: Mingo, Araceli (autora)
Định dạng: Sách
Ngôn ngữ:Tiếng Tây Ban Nha
Được phát hành: Ciudad de México Fondo de Cultura Económicca 2006
Phiên bản:1a. ed
Loạt:Educación y Pedagogía
Những chủ đề:
Các nhãn: Thêm thẻ
Không có thẻ, Là người đầu tiên thẻ bản ghi này!

MARC

LEADER 00000cam a2200000 a 4500
001 UCD6939
003 CL-VaPUC
008 170303e20060000mx |||||||||||||||||spa|d
020 |a 9681678796 
082 0 4 |a 378.72  |b MIN  |2 21 
100 |a Mingo, Araceli  |e autora  |9 590830 
245 1 0 |a Quién mordió la manzana?: sexo, origen social y desempeño en la Universidad 
250 |a 1a. ed 
300 |a 382 p 
942 |c BK 
945 |d 20170303 17:35:00  |a dcastane 
260 |a Ciudad de México  |b Fondo de Cultura Económicca  |c 2006 
650 0 |a Educación superior   |9 223851 
650 0 |a Universidades  |9 256317 
583 |a last modification  |c 20170303 17:35:00  |k Rodrigo Vera 
490 0 |a Educación y Pedagogía 
999 |c 367111  |d 367109 
952 |0 0  |1 0  |3 erb  |4 0  |6 378_720000000000000_MIN_2006  |7 0  |8 A  |9 481800  |a BIBEDU  |b BIBEDU  |i 5362210  |o 378.72 MIN 2006  |p 5362210  |r 2019-11-24  |w 2019-11-24  |y BK  |z Catalogado en:20170303  |k PAR